| 000 | nam a22 a 4500 | ||
|---|---|---|---|
| 999 |
_c390772 _d390772 |
||
| 003 | BLK | ||
| 005 | 20201028113735.0 | ||
| 008 | 180410b bul|||||r ||||||| ||bul|| | ||
| 010 | _aKNG00166647000 | ||
| 040 | _aBLK | ||
| 041 |
_aFRE _aLAT _cFRE |
||
| 072 | 7 |
_2bullib _aЦ _xРедки и ценни |
|
| 080 |
_aИстория на Рим (до 476 г. н. е.). Древен Рим _b94(37) _z94(37) |
||
| 100 | 1 |
_926308 _aTite-Live _eпърви автор |
|
| 139 | _aTite-Live | ||
| 245 | 1 | 0 |
_aHistoire romaine depuis la fondation de Rome _bLes auteurs latinss expliques d'apres une methode nouvelle par deux traductions francaises, l'une litterale et juxtalineaire presentant le mot a mot francais et regard des mots latins correspondants, l'autre correcte et precedee du texte latin, avec des arguments et des notes par une societe de professeurs et de latinistes. _cTite-Live; trad. M. Uri. _nLivres XXI et XXII |
| 257 | _aFRA | ||
| 260 |
_aParis _bLibr. Hachette _c1882 _9215648 |
||
| 300 | _c18 см | ||
| 380 | _a9 | ||
| 490 |
_9435080 _aКолекция Редки и ценни издания |
||
| 659 | _aЦ | ||
| 700 |
_9284 _aUri, M. _etrad. |
||
| 760 | 1 |
_h549 с. _tHistoire romaine depuis la fondation de Rome _dParis _oLivres XXI et XXII |
|
| 852 |
_aРф 882 _bРц |
||
| 856 | 4 | _qpdf | |
| 856 | 4 | _qpdf | |
| 942 |
_cKNG _n0 _s1 |
||
| 944 |
_aED _c2020-10-28 _kTD |
||
| 999 | _d390772 | ||
| 999 | _d390771 | ||
| 999 | _d390771 | ||
| 999 | _d390771 | ||
| 999 | _d390771 | ||
| 999 | _d390771 | ||
| 999 | _d159478 | ||